CFB All Time Record Holders - Statistics

General Stats
  • This quiz has been taken 94 times
  • The average score is 8 of 15
Answer Stats
Hint Answer % Correct
LSU - Single Season Passing Yards (2019) Joe Burrow
97%
Texas Tech - Single Game Passing Yards ( Oct 22, 2016) Patrick Mahomes
91%
Oklahoma State - Single Season Rushing Yards (1988) Barry Sanders
88%
LSU - Single Season Passer Rating (2023) Jayden Daniels
85%
Oregon - Lowest Career Interception % (2012-14) Marcus Mariota
84%
Ohio State - Highest % of Passes Completed Single Season ( 2025) Julian Sayin
72%
Oklahoma - Highest Career Passing Efficiency Rating ( 2015-18) Kyler Murray
51%
Western Kentucky - Most TD Passes in a Single Season (2021) Bailey Zappe
43%
Houston - Career Passing Yards (2007-11) Case Keenum
39%
Buffalo - Most Tackles for Loss (TFLs) for a career (2010-13) Khalil Mack
35%
Bowling Green - Most Single Season Receiving Yards by a TE (2025) Harold Fannin Jr
34%
Boston College - Highest Average Per Game Tackles in a Season (2011) Luke Kuechly
26%
Hawaii - Highest % of Passes Completed Career (2005-07) Colt Brennan
23%
Arizona State - Most Career Sacks (2000-02) Terrell Suggs
14%
San Diego State - Highest Punting Average in a Season (2021) Matt Araiza
9%
No matching quizzes found
Score Distribution
Percent of People with Each Score
Percentile by Number Answered
Your Score History
You have not taken this quiz